000 00539nam a22001817a 4500
005 20251108165340.0
008 250721s2000 xx 000 0 ara d
082 1 4 _a615.89/طيب
100 1 _aالطيبي، عكاشة عبد المنان
245 1 0 _aأمراض النساء و علاجها بالأعشاب /
264 1 _aبيروت :
_bدار اليوسف،
_c2000.
300 _a469ص
650 1 7 _aالطب الشعبي
650 1 7 _aأمراض النساء
650 1 7 _aالعلاج
942 _2ddc
_cBK
999 _c25733
_d25733